00327nam a2200121Ia 4500008004100000041000800041082001400049100002100063245004500084260004000129300003100169365000500200240624s9999 xx 000 0 und d aeng a658.7 WAN aWANG WILLIAM Y C aSUPPLY CHAIN MANAGEMENT ISSUES IN THE NE c2007aLondonbIdea Group Publishing axii, : 428 : p. : cm. ; 25 c